[Event "Premier League"]
[Site "Belgrade SCG"]
[Date "2004.09.30"]
[Round "6"]
[White "Marinkovic,Sl"]
[Black "Mijatovic,D"]
[Result "1-0"]
[WhiteElo "2434"]
[BlackElo "2277"]

1.e4 c5 2.Nf3 d6 3.d4 cxd4 4.Nxd4 Nf6 5.Nc3 a6 6.g3 Bg4 7.f3 Bd7 8.Be3 Nc6
9.g4 h6 10.Qd2 Nxd4 11.Qxd4 e5 12.Qd2 Be6 13.O-O-O Rc8 14.h4 Qa5 15.a3 b5
16.Kb1 Be7 17.Be2 Nd7 18.Nd5 Qxd2 19.Rxd2 Bxd5 20.Rxd5 Nf6 21.Rd2 O-O 22.g5 Nh5
23.Rg1 hxg5 24.hxg5 g6 25.c4 bxc4 26.Rc2 Kg7 27.Rxc4 Rxc4 28.Bxc4 a5 29.Bd2 Ra8
30.Bd5 Ra7 31.Be3 Rd7 32.b4 axb4 33.axb4 Nf4 34.Bxf4 exf4 35.Kc2 f6 36.gxf6+ Kxf6
37.b5 Bd8 38.Ra1 Rc7+ 39.Bc6 Rc8 40.Kd3 Bb6 41.Kc4 Ke6 42.Rh1 Rc7 43.Rh8 Bf2
44.Rb8 Ba7 45.Rg8 Kf7 46.Rh8 Ke6 47.Rf8 Be3 48.Rd8 Bf2 49.Kd3 Ra7 50.Bd5+ Ke7
51.Rb8 Ra3+  1-0

[Event "Tatry Open"]
[Site "Tatranske Zruby SVK"]
[Date "2004.10.01"]
[Round "8"]
[White "Novak,Mic"]
[Black "Mozny,M"]
[Result "1/2-1/2"]
[WhiteElo "2163"]
[BlackElo "2376"]

1.e4 c5 2.Nf3 d6 3.d4 cxd4 4.Nxd4 Nf6 5.Nc3 a6 6.g3 e5 7.Nde2 Be6 8.Bg2 Be7
9.a4 h6 10.O-O O-O 11.h3 Nbd7 12.Be3 Rb8 13.f4 b5 14.axb5 axb5 15.f5 Bc4
16.b3 Bxe2 17.Qxe2 b4 18.Na4 Qc7 19.Nb2 Nc5 20.Bxc5 Qxc5+ 21.Kh2 Rbd8 22.Rfd1 d5
23.exd5 e4 24.Nc4 Nxd5 25.Ra5 Nc3 26.Rxd8 Rxd8 27.Rxc5 Nxe2 28.Re5 Bf6 29.Rxe4 Nd4
30.Ne3 Kf8 31.h4 Rc8 32.Nd5 Nxc2 33.Nxb4 Nd4 34.Nd5 Nxb3 35.Nxf6 gxf6 36.Rb4  1/2-1/2

[Event "9th ECC w"]
[Site "Izmir TUR"]
[Date "2004.10.08"]
[Round "6"]
[White "Zdebskaja,N"]
[Black "Peptan,C"]
[Result "1/2-1/2"]
[WhiteElo "2321"]
[BlackElo "2429"]

1.e4 c5 2.Nf3 d6 3.d4 cxd4 4.Nxd4 Nf6 5.Nc3 a6 6.g3 g6 7.Bg2 Bg7 8.O-O O-O
9.h3 Nc6 10.Nde2 Rb8 11.a4 b5 12.axb5 axb5 13.Nd5 Nd7 14.c3 e6 15.Ne3 Qc7
16.Nd4 Ne7 17.Qe2 b4 18.Bd2 Nc5 19.Nec2 bxc3 20.Bxc3 e5 21.Nf3 Bb7 22.Nd2 d5
23.exd5 Bxd5 24.Rfe1 Nd7 25.Nb4 Bxg2 26.Kxg2 Qb7+ 27.Qe4 f5 28.Qxb7 Rxb7
29.Nc4 e4 30.Nd6 Rb6 31.Nc4 Bxc3 32.bxc3 Re6 33.Ra7 Nf6 34.Rd1 Rc8 35.Rd6 Rxd6
36.Nxd6 Rd8 37.Rxe7 Rxd6 38.c4 Rd4 39.Rc7 Kf8 40.Nc2 Rd2 41.Ne3 Nd7 42.Nf1 Rd3
43.c5 Ke8 44.c6 Ne5 45.Rxh7 Nxc6 46.Rc7 Ne5 47.Rc2 Nf3 48.Re2 Rd1 49.h4 Kf7
50.Ra2 Kg7 51.Ra7+ Kh6 52.Ra2 f4 53.gxf4 Nxh4+ 54.Kh3 Nf5 55.Ng3 Rd3 56.Kg4 Nxg3
57.fxg3 Rb3 58.Re2 Rb4 59.Re3 Kg7 60.f5 Kf6 61.fxg6 Kxg6 62.Kf4 Ra4 63.Rxe4 Rxe4+
64.Kxe4  1/2-1/2

[Event "36th Olympiad"]
[Site "Calvia ESP"]
[Date "2004.10.19"]
[Round "5"]
[White "Stanojoski,Z"]
[Black "Weber,Je"]
[Result "1/2-1/2"]
[WhiteElo "2506"]
[BlackElo "2232"]

1.e4 c5 2.Nf3 d6 3.d4 cxd4 4.Nxd4 Nf6 5.Nc3 a6 6.g3 e5 7.Nde2 Be7 8.Bg2 Nbd7
9.O-O b5 10.h3 b4 11.Nd5 Nxd5 12.exd5 O-O 13.a3 bxa3 14.Rxa3 Rb8 15.b3 Bg5
16.f4 exf4 17.gxf4 Qb6+ 18.Kh2 Bf6 19.Ng3 g6 20.Re1 Nc5 21.Be3 Qb4 22.Bxc5 Qxc5
23.Ra4 Bh4 24.Ne4 Qb6 25.Re2 Bd7 26.Rc4 Bb5 27.Rc6 Bxe2 28.Qxe2 Qd4 29.Rc4 Qb6
30.Rc6 Qd4 31.Rc4  1/2-1/2

[Event "36th Olympiad"]
[Site "Calvia ESP"]
[Date "2004.10.25"]
[Round "10"]
[White "Bermudez Adams,W"]
[Black "Jday,W"]
[Result "1-0"]
[WhiteElo "2138"]
[BlackElo "2143"]

1.e4 c5 2.Nf3 d6 3.d4 cxd4 4.Nxd4 Nf6 5.Nc3 a6 6.g3 b5 7.Bg2 Bb7 8.O-O e6
9.Re1 Qc7 10.Bg5 Nbd7 11.a3 h6 12.Bxf6 Nxf6 13.e5 Bxg2 14.exf6 Bb7 15.Qg4 O-O-O
16.fxg7 Rg8 17.gxf8=Q Rxg4 18.Nxe6 fxe6 19.Qxh6 Qc6 20.Qxe6+ Kb8 21.Ne4 Rxe4
22.Rxe4 Qxe4 23.Qxe4 Bxe4 24.c3 Re8 25.Re1 Bg6 26.Rxe8+ Bxe8 27.f4 Kc7 28.Kf2 Kc6
29.g4 Kd5 30.Ke3 a5 31.h4 Ke6 32.b4 a4 33.f5+ Kf6 34.Kf4 Bf7 35.g5+ Kg7 36.g6 Bc4
37.Kg5 Bd3 38.f6+ Kg8 39.h5 Bc4 40.h6 Be6 41.h7+  1-0

[Event "36th Olympiad"]
[Site "Calvia ESP"]
[Date "2004.10.26"]
[Round "11"]
[White "Curi,G"]
[Black "Moreno Carnero,J"]
[Result "1/2-1/2"]
[WhiteElo "2264"]
[BlackElo "2512"]

1.e4 c5 2.Nf3 d6 3.d4 cxd4 4.Nxd4 Nf6 5.Nc3 a6 6.g3 e5 7.Nde2 b5 8.Bg2 Nbd7
9.O-O Bb7 10.h3 h5 11.Bg5 Be7 12.Bxf6 Nxf6 13.Nd5 Nxd5 14.exd5 h4 15.g4 O-O
16.a4 b4 17.a5 Bg5 18.Ra4 Rb8 19.Rxb4 Qxa5 20.Rb3 Qc7 21.Nc3 a5 22.Ne4 Be7
23.g5 Bc8 24.Rc3 Qd8 25.Qh5 Bf5 26.b3 Rb4 27.Re1 g6 28.Qxh4 Bxg5 29.Qxg5 Rxe4
30.Qc1 Rf4 31.Rc6 Kg7 32.Re3 Bc8 33.Qa3 Rf6 34.Rec3 Bb7 35.Rc7 Ba8 36.Qxa5 Rf5
37.Qa7 Rg5 38.Rg3 Qf6 39.c4 Rf5 40.Be4 Rg5 41.Qe3 Rxg3+ 42.Qxg3 Rb8 43.Ra7 Bb7
44.b4 Bc8 45.b5 Bf5 46.Bxf5 Qxf5 47.Ra6 Rc8 48.Rc6 Ra8 49.Ra6 Rc8 50.Rc6 Ra8
51.Ra6  1/2-1/2

[Event "WYb18"]
[Site "Heraklio GRE"]
[Date "2004.11.06"]
[Round "3"]
[White "Manescu,T"]
[Black "Nepomniachtchi,I"]
[Result "1/2-1/2"]
[WhiteElo "2333"]
[BlackElo "2492"]

1.e4 c5 2.Nf3 d6 3.d4 cxd4 4.Nxd4 Nf6 5.Nc3 a6 6.g3 e5 7.Nde2 Be7 8.Bg2 Nbd7
9.a4 b6 10.h3 h5 11.Nd5 Nxd5 12.exd5 Bg5 13.O-O Bxc1 14.Qxc1 h4 15.g4 O-O
16.f4 f5 17.gxf5 Rxf5 18.Qd2 Nf6 19.fxe5 Rxe5 20.Nd4 Qe8 21.Rae1 Bd7 22.Nc6 Rxe1
23.Rxe1 Qh5 24.Qf4 Re8 25.Rxe8+ Qxe8 26.Qxd6 Qe3+ 27.Kh2 Qf2 28.Qe5 Qxc2
29.Ne7+ Kf7 30.d6 Be6 31.Kh1 Qc1+ 32.Kh2 Qd2 33.Kh1 g5 34.Nc6 Qd1+ 35.Kh2 g4
36.Nd8+ Kg6 37.Be4+ Nxe4 38.Qxe4+ Bf5 39.Qe8+ Kf6 40.Qh8+ Kg6 41.Qe8+ Kf6
42.Qe7+ Kg6 43.Qe8+  1/2-1/2

[Event "EuCh-Internet KO"]
[Site "playchess.com INT"]
[Date "2004.11.07"]
[Round "1.3"]
[White "Adams,Mi"]
[Black "Bologan,V"]
[Result "1-0"]
[WhiteElo "2740"]
[BlackElo "2669"]


1.e4 c5 2.Nf3 d6 3.Nc3 Nf6 4.d4 cxd4 5.Nxd4 a6 6.g3 e5 7.Nb3 Be7 8.Bg2 O-O
9.O-O Be6 10.a4 Nbd7 11.Be3 Rc8 12.a5 Rc4 13.Nd5 Nxd5 14.exd5 Bf5 15.c3 Bg6
16.Qe2 Qc8 17.Nd2 Rc7 18.Ra4 f5 19.f4 Bf6 20.Nc4 Nc5 21.Rb4 e4 22.Nxd6 Qd7
23.Bxc5 Rxc5 24.Nxb7 Rxd5 25.Qxa6 Rd2 26.Nc5 Qe7 27.Qe6+ Bf7 28.Qc6 e3 29.Rb7 Qd8
30.Nd7 e2 31.Re1 Re8 32.Nxf6+ gxf6 33.Qc7 Qxc7 34.Rxc7 Rd1 35.Kf2 Bh5 36.Bb7 Re3
37.a6 Rxe1 38.Kxe1 Rd3 39.Re7 Rd1+ 40.Kf2 Rf1+ 41.Kg2 Kf8 42.Rxe2 Bxe2 43.a7 Ra1
44.a8=Q+ Rxa8 45.Bxa8  1-0

[Event "WYg14"]
[Site "Heraklio GRE"]
[Date "2004.11.08"]
[Round "6"]
[White "Ohme,M"]
[Black "Guramishvili,S"]
[Result "1-0"]
[WhiteElo "2022"]
[BlackElo "2132"]

1.e4 c5 2.Nf3 d6 3.d4 cxd4 4.Nxd4 Nf6 5.Nc3 a6 6.g3 e5 7.Nb3 Nbd7 8.Bg2 b5
9.O-O Bb7 10.a4 b4 11.Nd5 Nxd5 12.exd5 a5 13.Bd2 Nb6 14.c3 bxc3 15.Bxc3 Nc4
16.Re1 h5 17.f4 Be7 18.fxe5 dxe5 19.Bxe5 Nxe5 20.Rxe5 Qd6 21.Qe2 Qb6+ 22.Kh1 Qxb3
23.Rxe7+ Kf8 24.Rxf7+  1-0

[Event "WYg14"]
[Site "Heraklio GRE"]
[Date "2004.11.11"]
[Round "9"]
[White "Ohme,M"]
[Black "Saulyte,G"]
[Result "1-0"]
[WhiteElo "2022"]
[BlackElo "1997"]

1.e4 c5 2.Nf3 d6 3.d4 cxd4 4.Nxd4 Nf6 5.Nc3 a6 6.g3 b5 7.Bg2 Bb7 8.Qe2 e6
9.O-O Qc7 10.a4 b4 11.Na2 a5 12.Nb5 Qc6 13.f4 Na6 14.Bf3 Nxe4 15.f5 exf5
16.Nd4 Qb6 17.Be3 d5 18.Nxf5 Bc5 19.Nxg7+ Kd8 20.Nf5 Kc7 21.Rad1 Rad8 22.Nd4 Kb8
23.Nc1 Nc7 24.Rfe1 Ba6 25.Qg2 Ng5 26.Ncb3 Nxf3+ 27.Qxf3 Rd7 28.Nxc5 Qxc5
29.Qf6 Rf8 30.Nc6+  1-0

[Event "Petrosian Mem Open"]
[Site "Yerevan ARM"]
[Date "2004.11.19"]
[Round "1"]
[White "Mkrtchian,L"]
[Black "Areshchenko,A"]
[Result "0-1"]
[WhiteElo "2374"]
[BlackElo "2580"]

1.e4 c5 2.Nf3 d6 3.d4 cxd4 4.Nxd4 Nf6 5.Nc3 a6 6.g3 e5 7.Nde2 Be7 8.Bg2 O-O
9.O-O b5 10.a3 Bb7 11.h3 Nbd7 12.g4 Nc5 13.Ng3 g6 14.f4 exf4 15.Bxf4 Ne8
16.Bh6 Ng7 17.Nd5 Bh4 18.Ne2 Bg5 19.Bxg5 Qxg5 20.Nf6+ Kh8 21.Nc3 Rad8 22.Qe1 Nd7
23.Ncd5 Bxd5 24.Nxd7 Rxd7 25.exd5 f5 26.Rf2 Re8 27.Qd2 Qf6 28.c3 Rde7 29.a4 Re3
30.axb5 axb5 31.Ra8 Qe5 32.Rxe8+ Qxe8 33.Kf1 Qe5 34.Re2 Rxe2 35.Qxe2 Qf4+
36.Kg1 b4 37.cxb4 Qxb4 38.Bf3 Kg8 39.Kg2 Kf8 40.Qc2 Kf7 41.Qc7+ Kf8 42.Qc2 h6
43.b3 Kf7 44.Qc7+ Kf6 45.Qc2 Kg5 46.Qc1+ f4 47.Qb2 Ne8 48.Qe2 Nf6 49.Qb2 Nd7
50.Qg7 Qd2+ 51.Kf1 Kh4 52.Qe7+ Kg3 53.Qe2 Qc1+ 54.Qd1 Qxd1+ 55.Bxd1 Nb6 56.Bc2 Nxd5
57.Bxg6 f3 58.Bd3 f2  0-1

[Event "XXI WJun Women"]
[Site "Kochin IND"]
[Date "2004.11.20"]
[Round "1"]
[White "Saheli,N"]
[Black "Korbut,E"]
[Result "1/2-1/2"]
[WhiteElo "2130"]
[BlackElo "2400"]

1.e4 c5 2.Nf3 d6 3.d4 cxd4 4.Nxd4 Nf6 5.Nc3 a6 6.g3 e5 7.Nb3 Be7 8.Bg2 b6
9.O-O Bb7 10.a4 Nbd7 11.Re1 Rc8 12.Nd2 Rc5 13.Nf1 Qa8 14.Be3 Rc7 15.Bg5 h6
16.Bxf6 Nxf6 17.Ne3 O-O 18.Ncd5 Nxd5 19.Nxd5 Bxd5 20.exd5 Qc8 21.c3 f5 22.Qb3 Qb8
23.Rxe5 dxe5 24.d6+ Kh8 25.dxc7 Qxc7 26.Rd1 Bc5 27.Qe6 Rf6 28.Qe8+ Rf8 29.Qe6  1/2-1/2

[Event "TCh-BEL 2004-5"]
[Site "Belgium BEL"]
[Date "2004.11.21"]
[Round "4"]
[White "Saiboulatov,D"]
[Black "Naiditsch,A"]
[Result "0-1"]
[WhiteElo "2359"]
[BlackElo "2611"]

1.e4 c5 2.Nf3 d6 3.d4 cxd4 4.Nxd4 Nf6 5.Nc3 a6 6.g3 e5 7.Nde2 b5 8.Bg2 Nbd7
9.h3 Be7 10.g4 b4 11.Nd5 Nxd5 12.exd5 Bg5 13.a3 Rb8 14.axb4 Rxb4 15.b3 Bxc1
16.Qxc1 h5 17.Qd2 a5 18.Ng3 hxg4 19.hxg4 Rxh1+ 20.Bxh1 Nc5 21.Bf3 Qb6 22.Nh5 Bxg4
23.Nxg7+ Kd7 24.Qg5 Bxf3 25.Qf5+ Ke7 26.Qxf3 Rf4 27.Qg2 Qb4+ 28.Kf1 Qd4 29.Re1 Ne4
30.Rxe4 Qxe4 31.Qg5+ Kd7 32.Nh5 Qh1+  0-1

[Event "XXI WJun Women"]
[Site "Kochin IND"]
[Date "2004.11.21"]
[Round "3"]
[White "Hodova,L"]
[Black "Korbut,E"]
[Result "0-1"]
[WhiteElo "2118"]
[BlackElo "2400"]

1.e4 c5 2.Nf3 d6 3.d4 cxd4 4.Nxd4 Nf6 5.Nc3 a6 6.g3 e5 7.Nde2 b5 8.Bg2 Bb7
9.h3 Nbd7 10.g4 b4 11.Nd5 Nxd5 12.exd5 h5 13.g5 h4 14.Be3 a5 15.O-O Be7 16.Qd2 Rh5
17.f4 exf4 18.Bxf4 Bxg5 19.Rae1 Ne5 20.Nd4 Bf6 21.Qe2 Rh8 22.Bxe5 dxe5 23.Qb5+ Qd7
24.Qc5 Kd8 25.Nb5 Ra6 26.Rd1 Qc8 27.Qf2 Qb8 28.c4 bxc3 29.bxc3 Bc8 30.c4 Qb6
31.Qxb6+ Rxb6 32.a4 Bd7 33.c5 Bxb5 34.axb5 Rxb5 35.c6 Rb4 36.d6 e4 37.Rb1 Re8
38.Rxb4 axb4 39.Rf5 Re5 40.Rxe5 Bxe5 41.d7 f5 42.Bf1 b3 43.Bc4 b2 44.Ba2 Kc7
45.Kf2 Bf6  0-1

[Event "XXI WJun Women"]
[Site "Kochin IND"]
[Date "2004.11.23"]
[Round "7"]
[White "Saheli,N"]
[Black "Motoc,A"]
[Result "1-0"]
[WhiteElo "2130"]
[BlackElo "2359"]

1.e4 c5 2.Nf3 d6 3.d4 cxd4 4.Nxd4 Nf6 5.Nc3 a6 6.g3 e5 7.Nb3 Nbd7 8.a4 b6
9.Bg2 Bb7 10.O-O Be7 11.Re1 O-O 12.Nd2 Rc8 13.Nf1 Nc5 14.Bg5 Ne6 15.Bxf6 Bxf6
16.Ne3 Nd4 17.Ncd5 Bg5 18.c3 Bxe3 19.Rxe3 Bxd5 20.exd5 Nf5 21.Re1 Ne7 22.Qd3 a5
23.b4 Qc7 24.bxa5 bxa5 25.Rec1 Qc4 26.Qxc4 Rxc4 27.Bf1 Rc5 28.c4 f5 29.Rcb1 f4
30.Rb7 Nf5 31.Rab1 f3 32.Rd7 e4 33.Rbb7 h5 34.h3 Rf6 35.Kh2 Rg6 36.Rd8+ Kh7
37.Rbb8 Rf6 38.Re8 e3 39.fxe3 f2 40.g4 Nh4 41.Rh8+ Kg6 42.Bd3+ Rf5 43.gxf5+ Kg5
44.Be2  1-0

[Event "Acropolis WGM Open"]
[Site "Athens GRE"]
[Date "2004.11.24"]
[Round "9"]
[White "Makropoulou,M"]
[Black "Mietzner,T"]
[Result "0-1"]
[WhiteElo "2270"]
[BlackElo "2235"]

1.e4 c5 2.Nf3 d6 3.d4 Nf6 4.Nc3 cxd4 5.Nxd4 a6 6.g3 e6 7.Bg2 Be7 8.O-O O-O
9.Re1 Qc7 10.h3 Nc6 11.a4 Bd7 12.Nde2 Rab8 13.g4 Rfc8 14.Ng3 b5 15.g5 Ne8
16.axb5 axb5 17.f4 b4 18.Nce2 Na7 19.Be3 Nb5 20.Rc1 Bc6 21.Qd2 Rd8 22.c4 bxc3
23.Nxc3 Qb7 24.Nxb5 Qxb5 25.Ne2 Ba8 26.Rc2 d5 27.Nc3 Qb4 28.exd5 exd5 29.Qd4 Qb3
30.Rce2 Nc7 31.f5 Bb4 32.Bf2 Nb5 33.Qh4 Nxc3 34.bxc3 Bxc3 35.g6 hxg6 36.fxg6 fxg6
37.Rf1 d4 38.Bg3 Rbc8 39.Bxa8 Rxa8 40.Qg4 d3 41.Re4 Qd5 42.Qxg6 Bd4+ 43.Bf2 Bxf2+
44.Rxf2 d2  0-1

[Event "ch-GRE w"]
[Site "Athens GRE"]
[Date "2004.12.04"]
[Round "1"]
[White "Fakhiridou,E"]
[Black "Sperdokli,E"]
[Result "1/2-1/2"]
[WhiteElo "2258"]
[BlackElo "2124"]

1.e4 c5 2.Nf3 d6 3.d4 cxd4 4.Nxd4 Nf6 5.Nc3 a6 6.g3 g6 7.Bg2 Bg7 8.O-O Bg4
9.f3 Bd7 10.Be3 h5 11.h3 Nc6 12.Nxc6 bxc6 13.f4 Rb8 14.Rb1 Qc8 15.e5 Nd5
16.Nxd5 cxd5 17.Qxd5 Rb5 18.Qf3 dxe5 19.b3 exf4 20.gxf4 O-O 21.c4 Ra5 22.Rf2 Qb8
23.Rd1 Bf5 24.Qc6 Rxa2 25.Qb6 Ra3 26.b4 Qc8 27.Qc5 Rc3 28.Qxc8 Rxc8 29.Bc5 Rxc4
30.Bf1 Rc3 31.Bxa6 Ra8 32.Bb7 Raa3 33.Bg2 Bxh3 34.Bxe7 Bxg2 35.Kxg2 Rg3+
36.Kf1 Rab3 37.f5 gxf5 38.Rxf5 Rbf3+ 39.Rxf3 Rxf3+ 40.Kg2 Re3 41.Bc5 Rb3
42.Rd5 h4 43.Rg5 f6 44.Rg4 h3+ 45.Kh2 f5 46.Rg3 Rxg3 47.Kxg3 Kf7 48.Kxh3 Ke6  1/2-1/2

[Event "ch-GRE w"]
[Site "Athens GRE"]
[Date "2004.12.09"]
[Round "6"]
[White "Makka,I"]
[Black "Sperdokli,E"]
[Result "1/2-1/2"]
[WhiteElo "2217"]
[BlackElo "2124"]

1.e4 c5 2.Nf3 d6 3.d4 cxd4 4.Nxd4 Nf6 5.Nc3 a6 6.g3 e5 7.Nb3 Be7 8.Bg2 b5
9.O-O Nbd7 10.a4 b4 11.Nd5 Nxd5 12.exd5 a5 13.Bd2 O-O 14.c3 bxc3 15.Bxc3 Qb6
16.Ra3 f5 17.Qd2 Bd8 18.Rc1 Qa7 19.Qe1 Bb6 20.Bd2 Bb7 21.Be3 Nf6 22.Rc7 Bxe3
23.fxe3 Qb6 24.Qc1 Bxd5 25.Nd2 Bxg2 26.Kxg2 Ra7 27.Rc6 Qb4 28.Nc4 d5 29.Nxe5 Qe4+
30.Nf3 Ng4 31.Qc3 Re7 32.Qd3 Nxe3+ 33.Kf2 Ng4+ 34.Kg1 Ne5 35.Nxe5 Qxe5 36.Rac3 Qe1+
37.Qf1 d4 38.Rb3 Qe4 39.Rc1 f4 40.Rf3 Ref7 41.Re1 Qb7 42.Rxf4 Rxf4 43.gxf4 Qxb2
44.Qc4+ Kh8 45.Qc5 Qb4 46.Qxb4 axb4 47.Rb1 Rb8 48.Kf2 b3 49.Ke2 Kg8 50.Kd3 Rb4
51.a5 Kf7 52.a6 Ra4 53.Rxb3 Rxa6 54.Kxd4 Ra2 55.h3 Kf6 56.Ke4 Ra4+  1/2-1/2

[Event "Open"]
[Site "Ashdod ISR"]
[Date "2004.12.14"]
[Round "7"]
[White "Tyomkin,D"]
[Black "Lerner,K"]
[Result "1/2-1/2"]
[WhiteElo "2505"]
[BlackElo "2504"]

1.e4 c5 2.Nf3 d6 3.d4 cxd4 4.Nxd4 Nf6 5.Nc3 a6 6.g3 e5 7.Nb3 Nbd7 8.a4 b6
9.Bg2 Bb7 10.O-O Rc8 11.Re1 Be7 12.Nd2 Rc5 13.Nf1 Qa8 14.Qd3 Rc7 15.Bg5 O-O
16.Ne3 Nc5 17.Qd1 Ncxe4 18.Nxe4 Bxe4 19.Bxe4 Qxe4 20.Bxf6 Bxf6 21.Nd5 Qxc2
22.Nxc7 Qxc7 23.Qd5 Qd7 24.b3 h5 25.Rac1 b5 26.a5 Rc8 27.Red1 Be7 28.h4 g6
29.Rxc8+ Qxc8 30.Rd3 Kg7 31.Kg2 f5 32.b4 Qc2 33.Re3 Qc8 34.Rd3 Qc2 35.Re3 Qc8
36.Rd3 Qc2  1/2-1/2

[Event "Michael Franett Mem"]
[Site "San Francisco USA"]
[Date "2005.01.02"]
[Round "1"]
[White "Thornally,F"]
[Black "Baginskaite,C"]
[Result "0-1"]
[WhiteElo "2261"]
[BlackElo "2336"]

1.e4 c5 2.Nf3 d6 3.d4 cxd4 4.Nxd4 Nf6 5.Nc3 a6 6.g3 e5 7.Nde2 Nbd7 8.Bg2 b5
9.h3 Be7 10.g4 Nc5 11.Ng3 b4 12.Nd5 Nxd5 13.exd5 Bh4 14.a3 Bxg3 15.fxg3 Qb6
16.Qd2 b3 17.Qe3 a5 18.cxb3 Ba6 19.Be4 O-O 20.Bd2 Rfb8 21.b4 axb4 22.Bxb4 Nxe4
23.Qxe4 Rc8 24.Bc3 Rc4 25.Qg2 Qe3+ 26.Kd1 Bb5 27.Qd2 Qf3+ 28.Kc2 Qe4+ 29.Kb3 Rb4+  0-1

[Event "ch-FENACH"]
[Site "Santiago CHI"]
[Date "2005.01.06"]
[Round "6"]
[White "Riffo,E"]
[Black "Maturana,I"]
[Result "1-0"]
[WhiteElo "2299"]
[BlackElo "2142"]

1.e4 c5 2.Nf3 d6 3.d4 cxd4 4.Nxd4 Nf6 5.Nc3 a6 6.g3 b5 7.Bg2 Bb7 8.O-O e6
9.Re1 Qc7 10.a4 bxa4 11.Rxa4 Nbd7 12.Rb4 Rb8 13.Qe2 Be7 14.Rc4 Qd8 15.Nc6 Bxc6
16.Rxc6 Rb6 17.Rc4 O-O 18.b3 Ne5 19.Ra4 Qc8 20.Bd2 Nfd7 21.f4 Nc6 22.Rc4 Nc5
23.Be3 Na5 24.Bxc5 Nxc4 25.Bxb6 Nxb6 26.Qe3 d5 27.Kf1 Bc5 28.Qd3 Bb4 29.exd5 exd5
30.Nxd5 Nxd5 31.Re4 Qc5 32.Re5 Ne3+ 33.Rxe3 Qa5 34.Bd5 g6 35.Re5 Qa1+ 36.Kg2 Bc3
37.Re7 Kg7 38.Bc4 Bf6 39.Ra7 a5 40.Qd5 Qc3 41.Rxf7+ Rxf7 42.Qxf7+ Kh6 43.Bd3 Qc6+
44.Kh3 Qd6 45.Qc4 Qd7+ 46.g4 Kg7 47.Qe4 Qa7 48.g5 Qd7+ 49.Kg3 Bd4 50.h4 Bc5
51.Qe5+  1-0

[Event "Open"]
[Site "Prague CZE"]
[Date "2005.01.15"]
[Round "2"]
[White "Van der Weide,K"]
[Black "Bores,M"]
[Result "1-0"]
[WhiteElo "2490"]
[BlackElo "2214"]

1.e4 c5 2.Nf3 d6 3.d4 cxd4 4.Nxd4 Nf6 5.Nc3 a6 6.g3 Bg4 7.f3 Bd7 8.Be3 e6
9.g4 h6 10.h4 Nc6 11.Rg1 Nxd4 12.Qxd4 Bc6 13.O-O-O Nd7 14.g5 hxg5 15.hxg5 Ne5
16.Be2 b5 17.f4 Ng6 18.f5 exf5 19.exf5 Rh4 20.Rg4 Rxg4 21.Qxg4 Ne5 22.Qd4 Qa5
23.Kb1 Rc8 24.Ne4 Rd8 25.Bf4 Qc7 26.Rd2 a5 27.Nc3 b4 28.Nd5 Qb8 29.b3 Rd7
30.Nb6 Rb7 31.Nc4 Nxc4 32.Bxc4 Rd7 33.g6 fxg6 34.fxg6 Qa7 35.Bf7+ Kd8 36.Bg5+ Be7
37.Bxe7+ Rxe7 38.Qxd6+  1-0

[Event "13th Fajr Open"]
[Site "Tehran IRI"]
[Date "2005.01.31"]
[Round "8"]
[White "Mahjoob,M"]
[Black "Guliev,L"]
[Result "1-0"]
[WhiteElo "2445"]
[BlackElo "2391"]

1.e4 c5 2.Nf3 d6 3.d4 cxd4 4.Nxd4 Nf6 5.Nc3 a6 6.g3 e5 7.Nde2 Be7 8.Bg2 O-O
9.O-O b5 10.h3 Bb7 11.g4 b4 12.Nd5 Nxd5 13.exd5 Nd7 14.a3 a5 15.Ng3 g6 16.Bh6 Re8
17.Qd2 Qb6 18.Kh2 Ba6 19.Rfe1 bxa3 20.b3 Qb4 21.Ne4 Rec8 22.Qd1 a4 23.Bd2 Qb5
24.Rxa3 axb3 25.Rxb3 Qa4 26.Bb4 Bc4 27.Bxd6 Bxd6 28.Nxd6 Bxb3 29.Nxc8 Bxc2
30.Ne7+ Kg7 31.Qd2 Ra5 32.Nc6 Rc5 33.Nxe5 Nf6 34.d6 Rc8 35.d7 Rd8 36.g5  1-0

[Event "Mayor de Chile"]
[Site "Santiago CHI"]
[Date "2005.02.21"]
[Round "8"]
[White "Pinto,Marc"]
[Black "Diaz Fuenzalida,J"]
[Result "1-0"]
[WhiteElo "2215"]
[BlackElo "2107"]

1.e4 c5 2.Nf3 d6 3.d4 cxd4 4.Nxd4 Nf6 5.Nc3 a6 6.g3 e6 7.Bg2 Be7 8.O-O Qc7
9.f4 Nc6 10.Be3 Bd7 11.Nb3 Na5 12.e5 Nc4 13.exf6 Nxe3 14.Qe2 Nxf1 15.Nd5 Qb8
16.Nxe7 Nxg3 17.hxg3 gxf6 18.Nd5 Qd8 19.f5 e5 20.Qg4 Kf8 21.Qh5 h6 22.Nd2 Bc6
23.Nc4 Rc8 24.Rd1 b5 25.Nce3 Bxd5 26.Bxd5 Rh7 27.Kf2 Qb6 28.c3 a5 29.Kf3 Rg7
30.Qxh6 a4 31.Rd3 e4+ 32.Bxe4 d5 33.Rxd5 a3 34.b4 Rxc3 35.Rc5 Rxc5 36.bxc5 Qxc5
37.g4 Qc3 38.g5 Kg8 39.g6 Rxg6 40.fxg6  1-0

[Event "Sozina Open"]
[Site "Bar SCG"]
[Date "2005.03.11"]
[Round "8"]
[White "Jakic,V"]
[Black "Benderac,S"]
[Result "0-1"]
[WhiteElo "2064"]
[BlackElo "2295"]

1.e4 c5 2.Nf3 d6 3.d4 cxd4 4.Nxd4 Nf6 5.Nc3 a6 6.g3 e5 7.Nf3 Nbd7 8.Bg2 b5
9.Bg5 Bb7 10.O-O h6 11.Bxf6 Nxf6 12.Re1 b4 13.Nd5 Nxd5 14.exd5 Be7 15.a3 bxa3
16.Rxa3 O-O 17.Nd2 f5 18.c4 Bf6 19.b4 a5 20.b5 Qb6 21.g4 Bh4 22.Rf1 fxg4
23.Qxg4 Bxf2+ 24.Kh1 Be3 25.Ne4 Rxf1+ 26.Bxf1 Rf8 27.Qe6+ Kh8 28.Rd3 Bc8
29.Qe7 Kg8  0-1

[Event "7th Foxwoods Open"]
[Site "Connecticut USA"]
[Date "2005.03.27"]
[Round "9"]
[White "Arias,N"]
[Black "Mirabile,T"]
[Result "1/2-1/2"]
[WhiteElo "2247"]
[BlackElo "2247"]

1.e4 c5 2.Nf3 d6 3.d4 cxd4 4.Nxd4 Nf6 5.Nc3 a6 6.g3 e6 7.Bg2 Be7 8.O-O O-O
9.h3 Qc7 10.Re1 Bd7 11.a4 Nc6 12.Nb3 b6 13.f4 Rab8 14.g4 Bc8 15.g5 Nd7 16.Be3 Nc5
17.Nd4 Nxd4 18.Bxd4 Bb7 19.h4 e5 20.Be3 exf4 21.Bxf4 Nd7 22.Kh1 Ne5 23.Qd4  1/2-1/2

[Event "It B"]
[Site "Dos Hermanas ESP"]
[Date "2005.04.06"]
[Round "6"]
[White "Teran Alvarez,I"]
[Black "Rodriguez Guerrero,E"]
[Result "0-1"]
[WhiteElo "2430"]
[BlackElo "2449"]

1.e4 c5 2.Nf3 d6 3.d4 cxd4 4.Nxd4 Nf6 5.Nc3 a6 6.g3 e5 7.Nde2 Nbd7 8.Bg2 b5
9.h3 Bb7 10.g4 g6 11.Ng3 h5 12.g5 h4 13.gxf6 hxg3 14.fxg3 Nxf6 15.Bg5 Be7
16.Bxf6 Bxf6 17.O-O O-O 18.Nd5 Bg7 19.Qd3 Rc8 20.c3 Rc5 21.Ne3 Bc8 22.a4 bxa4
23.Rxa4 Bh6 24.Kh2 Bxe3 25.Qxe3 Kg7 26.Rd1 Rh8 27.Qxc5 dxc5 28.Rxd8 Rxd8
29.Rc4 Rd2 30.Rxc5 Bb7 31.Kg1 Rxb2 32.Rxe5 f5 33.g4 Kf6 34.Re8 fxg4 35.hxg4 Kg5
36.Rd8 Kxg4 37.Rd4 Kg3 38.Bf1 Kf4 39.Rd6 a5 40.Rxg6 Bxe4  0-1

[Event "Extraliga CZE 2004-5"]
[Site "Czech Rep CZE"]
[Date "2005.04.17"]
[Round "11"]
[White "Mrva,Mart"]
[Black "Babula,V"]
[Result "1/2-1/2"]
[WhiteElo "2512"]
[BlackElo "2584"]

1.e4 c5 2.Nf3 d6 3.d4 cxd4 4.Nxd4 Nf6 5.Nc3 a6 6.g3 e6 7.Bg2 Qc7 8.O-O Be7
9.Be3 O-O 10.g4 Nc6 11.g5 Nd7 12.f4 Re8 13.Rf3 g6 14.Rh3 Bf8 15.Qe1 Bg7 16.Rd1 Nxd4
17.Rxd4 e5 18.Nd5 Qd8 19.Rd3 exf4 20.Bxf4 Nb6 21.Rhe3  1/2-1/2

[Event "Heroes Day Candidates"]
[Site "Bridgetown BAR"]
[Date "2005.04.30"]
[Round "5"]
[White "Farley,T"]
[Black "Singh,Rav"]
[Result "1/2-1/2"]
[WhiteElo "2186"]
[BlackElo "2074"]

1.e4 c5 2.Nf3 d6 3.d4 cxd4 4.Nxd4 Nf6 5.Nc3 a6 6.g3 b5 7.Bg2 Bb7 8.O-O e6
9.a3 Be7 10.e5 Bxg2 11.exf6 Bxf1 12.fxe7 Qxe7 13.Qxf1 O-O 14.Qg2 d5 15.Be3 Nd7
16.Nf3 Rac8 17.Re1 Qd6 18.Rd1 Qe7 19.Qf1 b4 20.axb4 Qxb4 21.Rb1 Nf6 22.Bd4 Ne8
23.Qxa6  1/2-1/2

[Event "Open A"]
[Site "Djakovo CRO"]
[Date "2005.05.03"]
[Round "4"]
[White "Kovacevic,A"]
[Black "Kozul,Z"]
[Result "0-1"]
[WhiteElo "2550"]
[BlackElo "2591"]

1.e4 c5 2.Nf3 d6 3.d4 cxd4 4.Nxd4 Nf6 5.Nc3 a6 6.g3 e6 7.Bg2 Be7 8.O-O O-O
9.b3 Qc7 10.Bb2 Rd8 11.Qe2 Bd7 12.Nd1 Nc6 13.c4 b5 14.Rc1 Nxd4 15.Bxd4 Rac8
16.Ne3 Qb8 17.Qb2 Bc6 18.e5 dxe5 19.Bxe5 Qa8 20.Bxc6 Rxc6 21.Rfd1 Rxd1+ 22.Rxd1 Rc8
23.Qe2 Ne4 24.Qf3 f6 25.Bb2 Bc5 26.Bd4 Bf8 27.Bb2 Bc5 28.Bd4 Ba3 29.h4 Qc6
30.Qg4 Bf8 31.f3 f5 32.Qf4 Nd6 33.c5 Nf7 34.b4 g6 35.g4 Re8 36.Qh2 Qxf3 37.Qg2 Qxg2+
38.Kxg2 f4 39.Nc2 Rd8 40.Rd2 Bg7 41.Kf1 h6 42.Ke2 e5 43.Bc3 Bf6 44.Rxd8+ Nxd8
45.h5 gxh5 46.gxh5 Kf7 47.Na1 e4 48.Bxf6 Kxf6 49.Nb3 Nc6  0-1

[Event "10th Open"]
[Site "Stuttgart GER"]
[Date "2005.05.08"]
[Round "7"]
[White "Vuckovic,Alek"]
[Black "Bogner,S"]
[Result "1/2-1/2"]
[WhiteElo "2328"]
[BlackElo "2409"]

1.e4 c5 2.Nf3 d6 3.d4 cxd4 4.Nxd4 Nf6 5.Nc3 a6 6.g3 e5 7.Nde2 Nbd7 8.Bg2 b5
9.O-O Be7 10.h3 Nb6 11.b3 Bb7 12.Be3 b4 13.Nd5 Nbxd5 14.exd5 Rc8 15.Qd2 a5
16.a3 e4 17.axb4 axb4 18.Qxb4 Bxd5 19.c4 Bc6 20.Nd4 O-O 21.Nxc6 Rxc6 22.Ra7 Re8
23.Rd1 Qc8 24.Qa4 Bf8 25.Rd4 h5 26.Kh2 Rc5 27.Qa2 d5 28.cxd5 Rxd5 29.b4 Qe6
30.Ra6 Qd7 31.Rxd5 Nxd5 32.Ra7 Nxb4 33.Qc4 Qe6 34.Qxe6 Rxe6 35.Ra8 Nd3 36.Rd8 f5
37.Bf1 Rd6 38.Ra8 Kf7 39.Be2 Rd7 40.Bxh5+ g6 41.Bxg6+ Kxg6 42.Rxf8 Ne5 43.Rc8 Nf3+
44.Kg2 Ne1+ 45.Kf1 Nf3 46.Rc6+ Kf7 47.Rc1 Kf6 48.Bf4 Ke6 49.Ke2 Rb7 50.Kf1 Kd5
51.h4 Ne5 52.Bxe5 Kxe5 53.Rc5+ Kf6 54.Rc2 Rb3 55.Kg2 Kg6 56.Rc6+ Kh5 57.Rf6 Rf3
58.Re6 Ra3 59.Kh3 Rf3 60.Kg2 Ra3 61.Kg1 Ra1+ 62.Kh2 Ra2 63.Kg2 Ra3 64.Rf6  1/2-1/2